Twin Peaks - Choix multiples - Statistiques

Statistiques générales
  • Ce quiz a été pris 34 fois
  • Le résultat moyen est 8 sur 10
Statistiques - réponses
Question Réponse % Correct
Comment s'appelle le shérif de Twin Peaks ? Harry S. Truman
97%
Laquelle de ces images montre un endroit communément connu sous le nom de "Roadhouse" ?
94%
Qui est le propriétaire de ce lieu, et est par ailleurs la personne la plus riche de Twin Peaks ? Benjamin Horne
94%
Quelle installation industrielle à Twin Peaks porte le nom de Packard ? Une scierie
94%
À quel hôtel logeriez-vous probablement si vous visitiez Twin Peaks ? Le Great Northern Hotel
88%
Où pourriez-vous trouver d'anciens pétroglyphes amérindiens ? Dans la caverne du Hibou
84%
Pour quelle raison les gens vont-ils au Roadhouse ? Pour écouter de la musique et prendre un verre
84%
Qu'est-ce que le Double R, dont Norma Jennings est la propriétaire ? Un diner
84%
Dans quel État se situe Twin Peaks ? Washington
50%
Quelle province canadienne se trouve à 8km au nord de Twin Peaks ? La Colombie-Britannique
19%
Aucun quiz correspondant
Distribution des résultats
% des personnes avec chaque résultat
Percentile par nombre de réponses
Votre historique - résultats
Vous n’avez pas pris ce quiz